| 000 | 00548nam a2200181Ia 4500 | ||
|---|---|---|---|
| 005 | 20250508152416.0 | ||
| 008 | 008 250505s9999 xx 000 0 eng d | ||
| 037 | _aTextual | ||
| 040 |
_aFEDL _beng _cFEDL |
||
| 041 |
_aeng _2eng |
||
| 084 |
_a364.52, KAH _qFEDL |
||
| 100 |
_aKahn Alred J. _9761405 |
||
| 245 | 0 | _aCourt for children : A study of the New York city children's court | |
| 260 |
_aNew York, USA _bColumbia University Press _c1953 |
||
| 300 | _axvi,359p. | ||
| 942 |
_cTEXL _h364.52, KAH |
||
| 999 |
_c1336235 _d1336235 |
||